[Event "Titled Tuesday intern op 06th Feb Early"]
[Site "Chess.com INT"]
[Date "2024.02.06"]
[Round "7"]
[White "Haring, Filip"]
[Black "Bambino Filho, Antonio Carlos"]
[Result "0-1"]
[WhiteElo "2449"]
[BlackElo "2166"]
[PlyCount "144"]
[EventDate "2024.02.06"]
[EventType "swiss (blitz)"]
[EventRounds "11"]
[EventCountry "USA"]
[SourceTitle "CB07_2024"]
[SourceDate "2024.02.14"]
[SourceVersion "1"]
[SourceVersionDate "2024.02.14"]
[SourceQuality "1"]

1. c4 c5 2. Nc3 Nc6 3. Nf3 e5 4. e3 f5 5. d4 e4 6. d5 Nb8 7. Nd2 Nf6 8. f3 Bd6 9. Qc2 Qe7 10. Nb5 exf3 11. Nxd6+ Qxd6 12. gxf3 0-0 13. Bd3 Qe7 14. Nf1 d6 15. Bd2 Nbd7 16. 0-0-0 Ne5 17. Ng3 Nxf3 18. Nxf5 Bxf5 19. Bxf5 Nxd2 20. Be6+ Kh8 21. Rxd2 Nd7 22. Rg1 Ne5 23. Rdg2 g6 24. Qe4 Rf6 25. h4 Raf8 26. h5 Rf1+ 27. Rxf1 Rxf1+ 28. Kc2 Qf6 29. hxg6 Nxg6 30. Kb3 Rf3 31. Bg4 Rf2 32. Qe8+ Kg7 33. Qd7+ Kh8 34. Rxf2 Qxf2 35. Qxd6 Qxe3+ 36. Ka4 Qd4 37. Qb8+ Kg7 38. Qxb7+ Kh6 39. Be2 Qd2 40. Bg4 Qd4 41. Be2 Ne5 42. Qa6+ Kg5 43. b3 Qb2 44. Qe6 Qc3 45. Kb5 Qb4+ 46. Ka6 Kf4 47. Qf6+ Ke4 48. Kxa7 Qa3+ 49. Kb7 Qxa2 50. Bh5 Qxb3+ 51. Kc7 Qxc4 52. Be8 Qxd5 53. Qh4+ Ke3 54. Qe1+ Kd4 55. Qd2+ Nd3 56. Bd7 Qe5+ 57. Kc8 c4 58. Qd1 c3 59. Qg1+ Qe3 60. Qg4+ Nf4 61. Qg7+ Kd3 62. Qxh7+ Kd2 63. Bb5 Qc5+ 64. Kb7 Qxb5+ 65. Kc7 Qc4+ 66. Kb7 c2 67. Qh2+ Kc3 68. Qg3+ Kb2 69. Qf2 Kb1 70. Qe1+ c1Q 71. Qe5 Qb2+ 72. Ka7 Qa4+ 0-1

[Event "Titled Tuesday intern op 06th Feb Early"]
[Site "Chess.com INT"]
[Date "2024.02.06"]
[Round "5"]
[White "Haring, Filip"]
[Black "Bettalli, Francesco"]
[Result "1/2-1/2"]
[WhiteElo "2449"]
[BlackElo "2300"]
[PlyCount "96"]
[EventDate "2024.02.06"]
[EventType "swiss (blitz)"]
[EventRounds "11"]
[EventCountry "USA"]
[SourceTitle "CB07_2024"]
[SourceDate "2024.02.14"]
[SourceVersion "1"]
[SourceVersionDate "2024.02.14"]
[SourceQuality "1"]

1. c4 g6 2. Nc3 Bg7 3. Nf3 c5 4. g3 d6 5. Bg2 Nc6 6. 0-0 e6 7. Rb1 Nge7 8. a3 0-0 9. b4 b6 10. bxc5 dxc5 11. Ne4 Bb7 12. d3 Rb8 13. Bb2 e5 14. e3 Qd7 15. Qc2 f5 16. Nc3 h6 17. Rfd1 g5 18. Nd5 Nxd5 19. cxd5 Qxd5 20. Qa4 Qe6 21. d4 cxd4 22. exd4 exd4 23. Nxd4 Nxd4 24. Bxd4 Bxg2 25. Bxg7 Kxg7 26. Kxg2 Rf7 27. Rd4 f4 28. gxf4 Qg4+ 29. Kf1 gxf4 30. Rb3 Kh7 31. Qc4 Rg7 32. Qd3+ Kh8 33. Rd8+ Rxd8 34. Qxd8+ Rg8 35. Qd4+ Kh7 36. Qe4+ Rg6 37. Rd3 h5 38. h3 Qg5 39. Rd5 Qg1+ 40. Ke2 f3+ 41. Kxf3 Qg2+ 42. Ke3 Qxh3+ 43. f3 Qh2 44. Qf5 Qg1+ 45. Ke2 Qg2+ 46. Ke3 Qg1+ 47. Ke2 Qg2+ 48. Ke3 Qg1+ 1/2-1/2

[Event "Titled Tuesday intern op 06th Feb Early"]
[Site "Chess.com INT"]
[Date "2024.02.06"]
[Round "1"]
[White "Haring, Filip"]
[Black "Hnatyshyn, Anastasiya"]
[Result "1-0"]
[WhiteElo "2449"]
[BlackElo "2178"]
[PlyCount "119"]
[EventDate "2024.02.06"]
[EventType "swiss (blitz)"]
[EventRounds "11"]
[EventCountry "USA"]
[SourceTitle "CB07_2024"]
[SourceDate "2024.02.14"]
[SourceVersion "1"]
[SourceVersionDate "2024.02.14"]
[SourceQuality "1"]

1. Nf3 Nf6 2. c4 e6 3. d4 d5 4. Nc3 c5 5. cxd5 cxd4 6. Qxd4 exd5 7. Bg5 Be7 8. e3 Nc6 9. Qa4 Be6 10. Bb5 0-0 11. 0-0 Qb6 12. Rfd1 Rfd8 13. Rac1 a6 14. Bd3 Rac8 15. Ne2 h6 16. Bh4 Bg4 17. Bxf6 Bxf3 18. Bxe7 Bxe2 19. Bxd8 Bxd1 20. Bxb6 Bxa4 21. Rc5 g6 22. b3 Bb5 23. Bxb5 axb5 24. g4 d4 25. exd4 Ra8 26. d5 Ne5 27. d6 Nd7 28. Rxb5 Rxa2 29. Bc7 Ra7 30. Kg2 Kg7 31. h4 Kf6 32. f4 Ke6 33. f5+ gxf5 34. gxf5+ Kf6 35. Bd8+ Kg7 36. Be7 f6 37. Kf3 Kf7 38. Ke4 Ra1 39. Kd5 Rd1+ 40. Kc4 Rc1+ 41. Kd3 b6 42. Rb4 Rd1+ 43. Kc4 Rh1 44. Kb5 Rc1 45. Rc4 Ra1 46. Rc7 Ke8 47. Rc8+ Kf7 48. Rd8 Ne5 49. Rf8+ Kg7 50. Rd8 Kf7 51. Rf8+ Kg7 52. Rxf6 Nd7 53. Re6 Kf7 54. Re2 Rb1 55. Kc6 Nb8+ 56. Kb7 Nd7 57. Kc7 Nc5 58. d7 Rd1 59. d8Q Rxd8 60. Bxd8 1-0

[Event "Titled Tuesday intern op 09th Jan Early"]
[Site "Chess.com INT"]
[Date "2024.01.09"]
[Round "8"]
[White "Ter Sahakyan, Samvel"]
[Black "Haring, Filip"]
[Result "1-0"]
[WhiteElo "2649"]
[BlackElo "2432"]
[PlyCount "99"]
[EventDate "2024.01.09"]
[EventType "swiss (blitz)"]
[EventRounds "11"]
[EventCountry "USA"]
[SourceTitle "CB03_2024"]
[SourceDate "2024.01.17"]
[SourceVersion "1"]
[SourceVersionDate "2024.01.17"]
[SourceQuality "1"]

1. d4 Nf6 2. c4 e6 3. Nc3 d5 4. cxd5 exd5 5. Bg5 Be7 6. e3 0-0 7. Bd3 Nbd7 8. Nge2 Re8 9. 0-0 Nf8 10. Qc2 c6 11. Rab1 a5 12. a3 g6 13. b4 Nh5 14. Bxe7 Qxe7 15. b5 Qxa3 16. bxc6 bxc6 17. Na4 Ba6 18. Bxa6 Rxa6 19. Rfc1 Ne6 20. Nb6 Qd6 21. Nc3 Nf6 22. h3 c5 23. dxc5 Nxc5 24. Ncxd5 Nxd5 25. Nxd5 Qxd5 26. Qxc5 Qxc5 27. Rxc5 a4 28. Ra1 a3 29. Rc3 a2 30. Rc2 Rea8 31. g4 Kg7 32. Kg2 Kf6 33. Kf3 Ke5 34. Ke2 Ke4 35. Rc4+ Kd5 36. Rc2 Ke5 37. Rc5+ Kd6 38. Rc2 Kd5 39. Kf3 Ke5 40. h4 h6 41. h5 gxh5 42. Rc5+ Kf6 43. Rxh5 Kg6 44. Rc5 Ra4 45. Rc2 R8a6 46. Kg3 Kg5 47. f4+ Kg6 48. Kf3 h5 49. gxh5+ Kxh5 50. Rg1 1-0

[Event "Titled Tuesday intern op 09th Jan Early"]
[Site "Chess.com INT"]
[Date "2024.01.09"]
[Round "5"]
[White "Zhigalko, Sergei"]
[Black "Haring, Filip"]
[Result "1/2-1/2"]
[WhiteElo "2572"]
[BlackElo "2432"]
[PlyCount "143"]
[EventDate "2024.01.09"]
[EventType "swiss (blitz)"]
[EventRounds "11"]
[EventCountry "USA"]
[SourceTitle "CB03_2024"]
[SourceDate "2024.01.17"]
[SourceVersion "1"]
[SourceVersionDate "2024.01.17"]
[SourceQuality "1"]

1. e4 c5 2. c3 Nf6 3. e5 Nd5 4. Nf3 Nc6 5. Bc4 Nb6 6. Bb3 d5 7. exd6 Qxd6 8. 0-0 Be6 9. Bxe6 Qxe6 10. a4 Qd7 11. a5 Nd5 12. a6 b6 13. d4 cxd4 14. Nxd4 Nxd4 15. Qxd4 e6 16. Rd1 Rd8 17. Na3 Nc7 18. Qxd7+ Rxd7 19. Rxd7 Kxd7 20. Nc4 f6 21. Be3 Kc6 22. b4 Be7 23. Kf1 Nd5 24. Bd2 Rc8 25. Na3 Nc7 26. c4 Rd8 27. Ke2 e5 28. Bc3 b5 29. Bd2 bxc4 30. Nxc4 Nd5 31. Na5+ Kb5 32. Rc1 Nxb4 33. Bxb4 Bxb4 34. Nc6 Rd7 35. Nxb4 Kxb4 36. Rb1+ Kc5 37. Ke3 f5 38. h3 g5 39. g4 fxg4 40. hxg4 Rd6 41. Rb7 Rxa6 42. Rxh7 Kd5 43. Rd7+ Ke6 44. Rh7 Ra3+ 45. Ke4 Ra4+ 46. Kf3 Rf4+ 47. Kg3 a5 48. Rh6+ Kf7 49. Rh5 Kg6 50. Rh8 a4 51. Re8 Kf6 52. Rf8+ Ke6 53. Re8+ Kf6 54. Rf8+ Ke6 55. Rg8 Kf6 56. f3 a3 57. Ra8 e4 58. Ra6+ Kg7 59. fxe4 Rxe4 60. Rxa3 Kf6 61. Rf3+ Rf4 62. Rxf4+ gxf4+ 63. Kxf4 Kg6 64. g5 Kg7 65. Kf5 Kf7 66. g6+ Kg7 67. Kg5 Kg8 68. Kh5 Kg7 69. Kg5 Kg8 70. Kf6 Kf8 71. g7+ Kg8 72. Kg6 1/2-1/2

[Event "Titled Tuesday intern op 12th Dec Early"]
[Site "Chess.com INT"]
[Date "2023.12.12"]
[Round "2"]
[White "Haring, Filip"]
[Black "Piddubna, Bozhena"]
[Result "1-0"]
[WhiteElo "2442"]
[BlackElo "2035"]
[PlyCount "87"]
[EventDate "2023.12.12"]
[EventType "swiss (blitz)"]
[EventRounds "11"]
[EventCountry "USA"]
[SourceTitle "CB51_2023"]
[SourceDate "2023.12.20"]
[SourceVersion "1"]
[SourceVersionDate "2023.12.20"]
[SourceQuality "1"]

1. d4 Nf6 2. Nf3 e6 3. Bf4 d5 4. e3 c5 5. c3 Bd6 6. Bg3 0-0 7. Bd3 Qc7 8. Nbd2 Nbd7 9. 0-0 Bxg3 10. hxg3 e5 11. dxe5 Nxe5 12. Nxe5 Qxe5 13. Nf3 Qc7 14. c4 dxc4 15. Bxc4 Bg4 16. Qb3 Ne4 17. Rfd1 Bxf3 18. gxf3 Nxg3 19. Bd5 Nf5 20. Qxb7 Qxb7 21. Bxb7 Rab8 22. Be4 Nh4 23. b3 f5 24. Bd5+ Kh8 25. f4 Rf6 26. Rac1 Ra6 27. a4 Rd6 28. Rxc5 Rbd8 29. Rdc1 g5 30. Bb7 gxf4 31. exf4 Rg6+ 32. Kf1 Rb6 33. Rc8 Rxc8 34. Rxc8+ Kg7 35. Rc7+ Kh6 36. Bd5 Ng6 37. Bg8 Nxf4 38. Rxh7+ Kg6 39. Rxa7 Nd3 40. Bc4 Nc5 41. a5 Rb4 42. a6 Nxb3 43. Be2 Nd2+ 44. Kg2 1-0

[Event "SVK-chT 2324"]
[Site "Slovakia"]
[Date "2023.12.10"]
[Round "4.1"]
[White "Korobov, Anton"]
[Black "Haring, Filip"]
[Result "1-0"]
[WhiteElo "2667"]
[BlackElo "2446"]
[PlyCount "71"]
[EventDate "2023.11.04"]
[EventType "team-tourn"]
[EventRounds "11"]
[EventCountry "SVK"]
[SourceTitle "CB04_2024"]
[SourceDate "2023.10.16"]
[SourceVersion "1"]
[SourceVersionDate "2023.10.16"]
[SourceQuality "1"]
[WhiteTeam "Modra"]
[BlackTeam "Liptov Chess School"]
[WhiteTeamCountry "SVK"]
[BlackTeamCountry "SVK"]

1. c4 c5 2. Nf3 g6 3. d4 cxd4 4. Nxd4 Bg7 5. e4 Nc6 6. Be3 Qb6 7. Nb5 Qa5+ 8. N5c3 Nf6 9. Nd2 d6 10. Be2 h5 11. h3 Bd7 12. 0-0 0-0 13. f4 Qd8 14. Nf3 Rc8 15. Qd2 e5 16. Qxd6 exf4 17. Qxf4 Be6 18. Rad1 Qa5 19. Ng5 Rce8 20. a3 Nh7 21. Nxe6 Be5 22. Nxf8 Bxf4 23. Rxf4 Nxf8 24. Nd5 Ne6 25. Rf2 Rd8 26. Bd2 Qa4 27. Bc3 Ng5 28. Rf4 Ne6 29. Rff1 b5 30. cxb5 Ncd4 31. Bd3 Nc5 32. Bc4 Nde6 33. Bb4 Qc2 34. Rc1 Qxb2 35. Bc3 Qxa3 36. Ra1 1-0

[Event "EU-chT 24th"]
[Site "Budva"]
[Date "2023.11.19"]
[Round "8.16"]
[White "Pobor, Milo"]
[Black "Haring, Filip"]
[Result "0-1"]
[WhiteElo "2195"]
[BlackElo "2446"]
[PlyCount "112"]
[EventDate "2023.11.11"]
[EventType "team-swiss"]
[EventRounds "9"]
[EventCountry "MNE"]
[SourceTitle "CB47_2023"]
[SourceDate "2023.11.22"]
[SourceVersion "1"]
[SourceVersionDate "2023.11.22"]
[SourceQuality "1"]
[WhiteTeam "Montenegro Youth II"]
[BlackTeam "Slovakia"]
[WhiteTeamCountry "MNE"]
[BlackTeamCountry "SVK"]

1. e4 c6 2. d4 d5 3. e5 Bf5 4. h4 h5 5. Bd3 Bxd3 6. Qxd3 Qa5+ 7. Nd2 e6 8. Ne2 c5 9. dxc5 Nc6 10. 0-0 Qxc5 11. Nb3 Qc4 12. Bf4 Qxd3 13. cxd3 Nge7 14. Nbd4 Ng6 15. Nxc6 bxc6 16. Rac1 Kd7 17. g3 c5 18. b3 Be7 19. Rfe1 Nxf4 20. Nxf4 a5 21. Rc2 g6 22. Rec1 Rhb8 23. Ne2 a4 24. d4 axb3 25. axb3 Rxb3 26. dxc5 Ra4 27. c6+ Kc7 28. Kf1 Rbb4 29. Nc3 Ra5 30. Ne2 Rbb5 31. Nd4 Rb4 32. Ne2 Ra3 33. Kg2 Bf8 34. Rd1 Bg7 35. Nf4 Ra5 36. Re1 Rc4 37. Rb2 Kxc6 38. Rb8 Ra7 39. Rg8 Bh6 40. Nxe6 fxe6 41. Rxg6 Bd2 42. Rxe6+ Kc5 43. Re2 Bc3 44. Re8 Re4 45. Rxe4 dxe4 46. Rh8 Kd5 47. Rxh5 Rf7 48. e6+ Kxe6 49. Rh6+ Kd5 50. Ra6 Kd4 51. Ra2 Kd3 52. Ra3 Rf3 53. Ra2 Bd2 54. Ra4 Be1 55. Ra2 Rxf2+ 56. Rxf2 Bxf2 0-1

[Event "EU-chT 24th"]
[Site "Budva"]
[Date "2023.11.14"]
[Round "4.4"]
[White "Baidetsky, Valentin"]
[Black "Haring, Filip"]
[Result "1/2-1/2"]
[WhiteElo "2478"]
[BlackElo "2446"]
[PlyCount "91"]
[EventDate "2023.11.11"]
[EventType "team-swiss"]
[EventRounds "9"]
[EventCountry "MNE"]
[SourceTitle "CB47_2023"]
[SourceDate "2023.11.22"]
[SourceVersion "1"]
[SourceVersionDate "2023.11.22"]
[SourceQuality "1"]
[WhiteTeam "Austria"]
[BlackTeam "Slovakia"]
[WhiteTeamCountry "AUT"]
[BlackTeamCountry "SVK"]

1. e4 c6 2. d4 d5 3. exd5 cxd5 4. Bd3 Nc6 5. c3 Nf6 6. Bf4 g6 7. Nf3 Bf5 8. Bxf5 gxf5 9. Nbd2 e6 10. 0-0 Bd6 11. Bg5 Rg8 12. Qb3 Rb8 13. Rfe1 Be7 14. Bf4 Bd6 15. Bg5 Be7 16. Bxf6 Bxf6 17. Qc2 Kf8 18. Nb3 Be7 19. Nc1 Bd6 20. Nd3 Qf6 21. Nfe5 Kg7 22. f4 Bxe5 23. fxe5 Qg5 24. Qf2 Kh8 25. Re3 Ne7 26. Kh1 Rg6 27. Rg3 Qh4 28. Rxg6 Qxf2 29. Rg8+ Kxg8 30. Nxf2 Nc6 31. g4 Ne7 32. Kg2 Kh8 33. h3 Rg8 34. Kf3 h5 35. Rg1 Kh7 36. Nd3 Kh6 37. Nf4 h4 38. Rg2 Rg5 39. a4 b6 40. b3 a6 41. c4 fxg4+ 42. hxg4 Rg8 43. Rh2 Kg5 44. Nh3+ Kg6 45. Nf4+ Kg5 46. Nh3+ 1/2-1/2

[Event "EU-chT 24th"]
[Site "Budva"]
[Date "2023.11.12"]
[Round "2.12"]
[White "Durarbayli, Vasif"]
[Black "Haring, Filip"]
[Result "1/2-1/2"]
[WhiteElo "2625"]
[BlackElo "2446"]
[PlyCount "108"]
[EventDate "2023.11.11"]
[EventType "team-swiss"]
[EventRounds "9"]
[EventCountry "MNE"]
[SourceTitle "CB47_2023"]
[SourceDate "2023.11.22"]
[SourceVersion "1"]
[SourceVersionDate "2023.11.22"]
[SourceQuality "1"]
[WhiteTeam "Azerbaijan"]
[BlackTeam "Slovakia"]
[WhiteTeamCountry "AZE"]
[BlackTeamCountry "SVK"]

1. e4 c6 2. d4 d5 3. e5 Bf5 4. h4 h5 5. c4 e6 6. Nc3 dxc4 7. Bxc4 Nd7 8. Nge2 Ne7 9. Bg5 Qb6 10. 0-0 0-0-0 11. Na4 Qc7 12. Qb3 f6 13. exf6 gxf6 14. Bf4 Qa5 15. Nac3 e5 16. Be3 Ng6 17. g3 exd4 18. Nxd4 Nc5 19. Qa3 Qxa3 20. bxa3 Bh3 21. Rfd1 Ne5 22. Be2 Be7 23. a4 Bg4 24. Bxg4+ Nxg4 25. Nf5 Bf8 26. Rxd8+ Kxd8 27. Rd1+ Kc8 28. Bxc5 Bxc5 29. Ne4 Bb6 30. Kg2 Rf8 31. Rd2 Bc7 32. Nc5 Re8 33. Ng7 Re7 34. Nce6 f5 35. Nxc7 Rxg7 36. Ne8 Re7 37. Nd6+ Kc7 38. Nxf5 Re5 39. Nd4 c5 40. Nb5+ Kb6 41. Rb2 c4 42. Nc3+ Kc5 43. Rxb7 a6 44. f3 Nf6 45. Kf2 Kd4 46. Ne2+ Kd3 47. Nf4+ Kc3 48. Rb6 Nd5 49. Rxa6 Nxf4 50. gxf4 Rd5 51. Ke3 Rd3+ 52. Ke4 Rd4+ 53. Ke3 Rd3+ 54. Ke4 Rd4+ 1/2-1/2

[Event "Wch U20 60th"]
[Site "Mexico City"]
[Date "2023.09.30"]
[Round "10"]
[White "Ramos Silvera, Roberto Alejandro"]
[Black "Haring, Filip"]
[Result "0-1"]
[WhiteElo "2297"]
[BlackElo "2441"]
[PlyCount "74"]
[EventDate "2023.09.21"]
[EventType "swiss"]
[EventRounds "11"]
[EventCountry "MEX"]
[SourceTitle "EXT 2024"]
[Source "ChessBase"]
[SourceDate "2023.10.10"]
[SourceVersion "1"]
[SourceVersionDate "2023.10.10"]
[SourceQuality "1"]

1. Nf3 Nf6 2. d4 e6 3. c4 d5 4. g3 dxc4 5. Bg2 a6 6. a4 Nc6 7. 0-0 Rb8 8. Nc3 Be7 9. e3 0-0 10. Nd2 e5 11. d5 Na5 12. Qe2 c6 13. dxc6 Bg4 14. f3 Bf5 15. e4 Be6 16. cxb7 Nc6 17. f4 Nd4 18. Qd1 Bg4 19. Nf3 Qb6 20. a5 Qxb7 21. fxe5 Rfd8 22. Qe1 Bxf3 23. Bxf3 Nd7 24. Bf4 Nc2 25. Qe2 Nxa1 26. e6 Qxb2 27. Qxb2 Rxb2 28. exd7 Nb3 29. Bg4 h5 30. Bxh5 Bc5+ 31. Kh1 Rxd7 32. e5 Nd2 33. Rd1 Bb4 34. Ne4 c3 35. Nd6 c2 36. Rg1 Rb1 37. Bxd2 Rxg1+ 0-1